banner koha

Efficiency of cryoprotectors for cryopreservation of two orchid species from Americas (Registro n. 338187)

MARC details
000 -LÍDER
fixed length control field 04302nab a2200289 i 4500
003 - CÓDIGO MARC DA AGÊNCIA CATALOGADORA
Campo de controle BR-BrBNA
005 - DATA E HORA DA ÚLTIMA ATUALIZAÇÃO
Campo de controle 20250915161909.0
008 - CAMPO DE TAMANHO FIXO
fixed length control field 250915b2021 bl.ar|pooa||| 00| 0 eng |
040 ## - FONTE DA CATALOGAÇÃO
Agência catalogadora BR-BrBNA
Idioma da catalogação eng
072 ## - CATEGORIA AGRIS
Código AGRIS F03
100 ## - ENTRADA PRINCIPAL - NOME PESSOAL
Nome pessoal Pereira, Suzana Targanski Sajovic
100 ## - ENTRADA PRINCIPAL - NOME PESSOAL
Nome pessoal Vendrame, Wagner Aparecido
100 ## - ENTRADA PRINCIPAL - NOME PESSOAL
Nome pessoal Pivetta, Kathia Fernandes Lopes
100 ## - ENTRADA PRINCIPAL - NOME PESSOAL
Nome pessoal Sorgato, José Carlos
100 ## - ENTRADA PRINCIPAL - NOME PESSOAL
Nome pessoal Faria, Ricardo Tadeu de
245 ## - TÍTULO PRINCIPAL
Título principal Efficiency of cryoprotectors for cryopreservation of two orchid species from Americas
500 ## - NOTA GERAL
Nota geral Publicação on-line; 35 ref.; 3 tables; 2 illus.; Summaries (En, Pt)
942 ## - ADDED ENTRY ELEMENTS (KOHA)
Koha item type Analítica
520 ## - NOTA DE RESUMO
Nota de conteúdo <br/><br/>Abstract<br/><br/>The objective of this study was to evaluate the efficiency of cryoprotective solution (PVS2) combined with<br/>phloroglucinol for the cryopreservation of seeds of two orchid species, Encyclia cordigera and Epidendrum<br/>ciliare. Seeds of Encyclia cordigera had 91.03% initial viability and 91.99% germination. The treatment<br/>of the seeds with PVS2 at 0 °C with 1% phloroglucinol for 60 min returned 93.79% viability and 91.01%<br/>germination after recovery from LN, consequently resulting in faster development of protocorms. For<br/>Epidendrum ciliare, seed viability was 85.65% and germination was 85.90%. Seed exposure to the PVS2 at<br/>0 °C with 1% phloroglucinol for 180 min showed viability of 39.23% and germination of 37.88%. Despite<br/>lower germination, 78.90% of the protocorms reached stage P3 of development, when evaluated 45 days after<br/>sowing, not significantly different from the control 1, and showed normal development. These results indicate<br/>that PVS2 cryoprotective solution is efficient when combined with phloroglucinol for the cryopreservation and<br/>successful recovery of seeds of Encyclia cordigera and Epidendrum ciliare. The present study also indicates<br/>that response to cryopreservation and success of recovery after cold storage is species-specific and requires<br/>adjustments in exposure time to PVS2 at 0 °C prior to immersion in LN.<br/><br/>Key words: Encyclia cordigera, Epidendrum ciliare, germplasm conservation, Orchidaceae, PVS2.<br/><br/><br/><br/><br/><br/>Resumo<br/><br/>O objetivo deste estudo foi avaliar a eficiência da solução crioprotetora (PVS2) combinada com floroglucinol<br/>para a criopreservação de sementes de duas espécies de orquídeas, Encyclia cordigera e Epidendrum ciliare. <br/>Sementes de Encyclia cordigera apresentaram viabilidade inicial de 91,03% e germinação de 91,99%. O<br/>tratamento das sementes com PVS2 a 0 °C com 1% de floroglucinol por 60 min promoveu a recuperação<br/>de 93,79% da viabilidade e 91,01% da germinação após a recuperação do nitrogênio líquido, resultando<br/>consequentemente no desenvolvimento mais rápido dos protocormos. Para Epidendrum ciliare, a viabilidade<br/>inicial das sementes foi de 85,65% e germinação de 85,90%. E quando suas sementes foram tratadas com solução<br/>PVS2 a 0 °C com 1% floroglucinol por 180 min atingiram viabilidade de 39,23% e germinação de 37,88%.<br/>Apesar de observada menor porcentagem de germinação para o referido tratamento, 78,90% dos protocormos<br/>atingiram estágio de desenvolvimento P3, quando avaliados 45 dias após a semeadura, não apresentando<br/>diferença significativa comparada ao controle 1, e apresentando protocormos com desenvolvimento normal.<br/>Esses resultados indicam que a utilização da solução crioprotetora de PVS2 combinado ao floroglucinol 1% <br/>foi eficiente na recuperação de sementes criopreservadas de Encyclia cordigera e Epidendrum ciliare. O<br/>presente estudo também indica que a resposta à criopreservação após o armazenamento a frio é específica<br/>da espécie e requer ajustes no tempo de exposição ao PVS2 a 0 °C antes da imersão em nitrogênio líquido.<br/><br/>Palavras-chave: Encyclia cordigera, Epidendrum ciliare, conservação de germoplasma, Orchidaceae, PVS2.
650 ## - ASSUNTO - THESAGRO
Cabeçalho tópico ou nome geográfico EPIDENDRUM
650 ## - ASSUNTO - THESAGRO
Cabeçalho tópico ou nome geográfico CONSERVAÇÃO
650 ## - ASSUNTO - THESAGRO
Cabeçalho tópico ou nome geográfico GERMOPLASMA
650 ## - ASSUNTO - THESAGRO
Cabeçalho tópico ou nome geográfico ORCHIDACEAE
773 0# - ENTRADA ANALÍTICA
Host Biblionumber 709
Registro do item 357347
Imprenta Rio de Janeiro-RJ Jardim Botanico do Rio de Janeiro 1935
Outro identificador 2025-5311
Título Rodriguésia (Brazil)
ISSN 0370-6583; 2175-7860 on-line
Colação v. 72 p. 1-10; (2021)
Número de controle de registro BR2025002291
856 ## - ACESSO E ENDEREÇO ELETRÔNICO
Identificador uniforme de recurso - URI https://www.scielo.br/j/rod/a/fWnrXRvfTx6x4ZsPGMptxts/?format=pdf&lang=en

Nenhum exemplar disponível.

BINAGRI

Telefone: (61)3218-2567/2388/3357/2097 - binagri@agro.gov.br

Ministério da Agricultura e Pecuária , Esplanada dos Ministérios, Bloco D, Anexo B, Brasília/DF, CEP: 70.043-900